000 00312 a2200133 4500
999 _c324320
_d324320
001 89247
003 NUST
082 _a891.4392 ISH
100 _aIshfaq Ahmad
_9348
245 _aHairat Kadda
260 _aLahore
_bSang-e-meel Publications
_c2011
300 _a320p.
500 _aGeneral Books
942 _aCAE NUST
_cBK
_k891.4392 ISH
_2ddc